Структурная нежесткость и кинетика восстановления [beta]-фософорилированных нитроксильных радикалов; Химия и химическая технология в XXI веке

מידע ביבליוגרפי
Parent link:Химия и химическая технология в XXI веке.— 2018.— [С. 290-291]
מחבר ראשי: Пастухов В. И.
Corporate Authors: Новосибирский государственный университет (НГУ), Российская академия наук (РАН) Сибирское отделение (СО) Новосибирский институт органической химии им. Н. Н. Ворожцова (НИОХ)
מחברים אחרים: Шундрин Л. А. (научный руководитель)
סיכום:Заглавие с экрана
שפה:רוסית
יצא לאור: 2018
סדרה:Теоретические и прикладные аспекты физической и аналитической химии
נושאים:
גישה מקוונת:http://earchive.tpu.ru/handle/11683/49754
פורמט: אלקטרוני Book Chapter
KOHA link:https://koha.lib.tpu.ru/cgi-bin/koha/opac-detail.pl?biblionumber=626911

MARC

LEADER 00000naa2a2200000 4500
001 626911
005 20231101133432.0
035 |a (RuTPU)RU\TPU\conf\26576 
035 |a RU\TPU\conf\26574 
090 |a 626911 
100 |a 20180807d2018 k y0rusy50 ca 
101 0 |a rus 
102 |a RU 
105 |a y z 101zy 
135 |a drgn ---uucaa 
181 0 |a i  
182 0 |a b 
200 1 |a Структурная нежесткость и кинетика восстановления [beta]-фософорилированных нитроксильных радикалов  |f В. И. Пастухов  |g науч. рук. Л. А. Шундрин 
203 |a Текст  |c электронный 
225 1 |a Теоретические и прикладные аспекты физической и аналитической химии 
230 |a 1 компьютерный файл (pdf; 763 Kb) 
300 |a Заглавие с экрана 
320 |a [Библиогр.: с. 291 (2 назв.)] 
463 0 |0 (RuTPU)RU\TPU\conf\26227  |t Химия и химическая технология в XXI веке  |o материалы XIX Международной научно-практической конференции студентов и молодых ученых имени профессора Л. П. Кулёва, 21-24 мая 2018 г., г. Томск  |f Национальный исследовательский Томский политехнический университет  |v [С. 290-291]  |d 2018 
610 1 |a электронный ресурс 
610 1 |a кинетика восстановления 
610 1 |a нитроксильные радикалы 
610 1 |a спиновые зонды 
610 1 |a сверхтонкие структуры 
610 1 |a сверхтонкое взаимодействие 
700 1 |a Пастухов  |b В. И. 
702 1 |a Шундрин  |b Л. А.  |4 727 
712 0 2 |a Новосибирский государственный университет (НГУ)  |2 stltpush  |3 (RuTPU)RU\TPU\col\721 
712 0 2 |a Российская академия наук (РАН)  |b Сибирское отделение (СО)  |b Новосибирский институт органической химии им. Н. Н. Ворожцова (НИОХ)  |2 stltpush  |3 (RuTPU)RU\TPU\col\543 
801 2 |a RU  |b 63413507  |c 20180821  |g RCR 
856 4 |u http://earchive.tpu.ru/handle/11683/49754 
942 |c BK